Podnikové kombinácie podľa novelizovaného IFRS 3

Identifikácia podnikovej kombinácie podľa IFRS 3 (2008). Pôsobnosť IFRS 3 (2008). Metóda účtovania podnikových kombinácií podľa IFRS 3 (2008). Dokončenie prvotného účtovania podnikovej kombinácie.

Salvato in:
Dettagli Bibliografici
Autore principale: Parišová, Renáta, 1977-
Natura: Capitolo di libro
Lingua:slovacco
Soggetti:
Tags: Aggiungi Tag
Nessun Tag, puoi essere il primo ad aggiungerne!!

MARC

LEADER 00000naa$a2200000$$$4500
001 0099032
005 20240502072106.4
041 0 |a slo 
044 |a SK 
245 1 0 |a Podnikové kombinácie podľa novelizovaného IFRS 3  |c Renáta Parišová 
520 |a Identifikácia podnikovej kombinácie podľa IFRS 3 (2008). Pôsobnosť IFRS 3 (2008). Metóda účtovania podnikových kombinácií podľa IFRS 3 (2008). Dokončenie prvotného účtovania podnikovej kombinácie. 
610 2 0 |a kombinácie podnikové 
610 2 0 |a IFRS 
610 2 0 |a novelizácia 
610 2 0 |a účtovanie 
610 2 0 |a IFRS 3 
100 1 |a Parišová, Renáta, 1977-